Auge en Sinaloa /
Colección que difunde una imagen de pujanza en los estados del país, con énfasis en la dimensión económica, aunque también se ocupa de aspectos del desarrollo cultural de las entidades.
Tallennettuna:
| Muut tekijät: | , |
|---|---|
| Aineistotyyppi: | Kirja |
| Kieli: | espanja |
| Aiheet: | |
| Tagit: |
Ei tageja, Lisää ensimmäinen tagi!
|
MARC
| LEADER | 00000nam^a2200000^a^4500 | ||
|---|---|---|---|
| 001 | 000314331 | ||
| 005 | 20250521000000.0 | ||
| 008 | 110919 2009 | ||
| 009 | 20260526140007.13 | ||
| 037 | |a Acervo ITESO - Biblioteca | ||
| 041 | |a ESP | ||
| 082 | |a 972. |b AUG SIN | ||
| 240 | 1 | 1 | |a [Auge en México] |
| 245 | 0 | 0 | |a Auge en Sinaloa / |c Dir. y presen. de M.E. Jiménez Zaragoza ; presen. de A. Irizar López- |
| 264 | |a Guadalajara, México : |b Fomento y Auge Editorial, |c 2009 | ||
| 300 | |a 238 p. | ||
| 336 | |a texto |b txt |2 rdacontenido | ||
| 337 | |a sin mediación |b n |2 rdamedio | ||
| 338 | |a volumen |b nc |2 rdasoporte | ||
| 520 | |a Colección que difunde una imagen de pujanza en los estados del país, con énfasis en la dimensión económica, aunque también se ocupa de aspectos del desarrollo cultural de las entidades. | ||
| 649 | |a XX | ||
| 650 | |a Cultura - |z Sinaloa - |x Tema Principal | ||
| 650 | |a Cultura - |z México | ||
| 650 | |a Economía - |z Sinaloa - |x Tema Principal | ||
| 650 | |a Economía - |z México | ||
| 650 | |a Sinaloa - |x Tema Principal | ||
| 650 | |a Sinaloa - |x Condiciones Sociales y Culturales | ||
| 650 | |a Sinaloa - |x Condiciones Económicas | ||
| 650 | |a Sinaloa - |x Historia | ||
| 650 | |a México - |x Condiciones Sociales y Culturales | ||
| 650 | |a México - |x Condiciones Económicas | ||
| 650 | |a México - |x Historia | ||
| 700 | |a Jiménez Zaragoza, María Eugenia |e (dirección y presentación) | ||
| 700 | |a Irizar López, Aaron |e (presentación) | ||
| 910 | |a Fondo General | ||
| 920 | |a Impresos - Libros | ||
| 930 | |a Obras de Referencia | ||
| 905 | |a 102 | ||
| 901 | |a 0500201148 |b IT2 |c REF |i D53544 |u 20250521 | ||
| 902 | |a https://opac.biblio.iteso.mx/vufind/Record/000314331 | ||